Rice economy : A case study of four villages in west Malaysia

Bibliographic Details
Main Author: Purcal, John T.
Format: Book
Published: Kuala Lumpur : University of Malaya Press , 1971
Subjects:

MARC

LEADER 00000cam a2200000 7i4500
001 0000002136
005 20050415.0
040 |a INS 
090 0 0 |a HD9066.   |b M332 1971 
100 1 |a Purcal, John T. 
245 1 0 |a Rice economy :   |b A case study of four villages in west Malaysia   |c John T. Purcal 
260 |a Kuala Lumpur :   |b University of Malaya Press ,   |c 1971 
300 |a xiv, 248p :   |b ill ;   |c 23 cm. 
650 0 0 |a Economic research   |z Malaysia 
650 0 0 |a Rice   |z Malaysia 
999 |a 0000000516   |b BOOK   |c Open Shelf   |e Default branch 
999 |a 0000023040   |b BOOK   |c Open Shelf   |e Default branch